Sin reservas : un límite al poder absoluto /
Guardado en:
| Autor Principal: | |
|---|---|
| Formato: | Libro |
| Publicado: |
Las Vegas :
Amazon Crossing,
2010
|
| Materias: | |
| Etiquetas: |
Agregar Etiqueta
Sin Etiquetas, Sea el primero en etiquetar este registro!
|
| LEADER | 00644nam a22002175a 4500 | ||
|---|---|---|---|
| 001 | CEM.cems014435 | ||
| 005 | 20140711120522.0 | ||
| 008 | 130507s2010##################000#0#####d | ||
| 003 | CEMS | ||
| 020 | |a 9781935597223 | ||
| 082 | 0 | 4 | |a 330 |
| 100 | 1 | |a Redrado, Martín | |
| 245 | 1 | 0 | |a Sin reservas : |b un límite al poder absoluto / |c Martín Redrado |
| 260 | |a Las Vegas : |b Amazon Crossing, |c 2010 | ||
| 300 | |a 285 p. | ||
| 653 | |a Economía | ||
| 653 | |a Economía argentina | ||
| 653 | |a Banco central república argentina | ||
| 653 | |a Inflación | ||
| 653 | |a Reservas internacionales | ||
| 859 | |a CEMS |b BIB. CEMS - 11 de abril |h 330 |i R249 |p 26987.14 |t Ej.1 | ||
